| 000 | 00738nam a2200205Ia 4500 | ||
|---|---|---|---|
| 003 | IN-BaIIA | ||
| 008 | 211028s9999 xx 000 0 eng d | ||
| 040 | _cIIA Library | ||
| 080 |
_a083.7:624.159.11:621 _bISI |
||
| 110 | _aIndian Standards Institution | ||
| 245 | 0 |
_aIndian standard code of practice for design & construction for machine foundations _bpt. 3, foundations for rotary type machines (medium & high frequency) _cIndian Standards Institution |
|
| 260 |
_aNew Delhi _bIndian Standards Institution _c1976 |
||
| 300 | _a24p. | ||
| 500 | _aIS 2974 : Part 3 : 1975 | ||
| 650 |
_a Machine Foundations _98896 |
||
| 650 |
_a Rotary Type Machines _98897 |
||
| 650 | _a Standards | ||
| 650 | _aNASA Thesaurus | ||
| 942 | _cBK | ||
| 999 |
_c4987 _d4987 |
||